Disney world resorts and activities outside parks - Statistics

General Stats
  • This quiz has been taken 4 times
  • The average score is 19 of 25
Answer Stats
Hint Answer % Correct
Animal Kingdom All star (Sports,Music,Movies)
100%
Animal Kingdom Animal Kingdom Lodge
100%
Hollywood studios Art of Animation
100%
Epcot Boardwalk Inn
100%
Epcot Caribbean Beach
100%
Magic Kingdom Contemporary
100%
Animal Kingdom Coronado Springs
100%
Magic Kingdom Grand Floridian
100%
Disney Springs Old Key West
100%
Magic Kingdom Polynesian
100%
Hollywood studios Pop Century
100%
Disney Springs Port Orleans
100%
Disney Springs Riviera
100%
Disney Springs Saratoga Springs
100%
Magic Kingdom Wilderness Lodge
100%
Epcot Yacht and Beach Club
100%
Water Park Blizzard Beach
50%
Houses Golden Oak
50%
Golf Lake Buena Vista Golf Course
50%
Golf Magnolia Golf Course
50%
Water Park Typhoon Lagoon
50%
Magic Kingdom(not Resort) Boulder Ridge
0%
Golf Fantasia Gardens Mini Golf Course
0%
Golf Oak Trail Golf Course
0%
Golf Palm Golf Course
0%
No matching quizzes found
Score Distribution
Percent of People with Each Score
Percentile by Number Answered
Your Score History
You have not taken this quiz